000 02065cam a2200253 4500500
005 20250921000805.0
041 _afre
042 _adc
100 1 0 _aCerquiglini-Toulet, Jacqueline
_eauthor
700 1 0 _a Viennot, Éliane
_eauthor
700 1 0 _a Reggiani, Christelle
_eauthor
700 1 0 _a Chalonge, Florence de
_eauthor
700 1 0 _a McDonald, Christie
_eauthor
700 1 0 _a Dejean, Joan
_eauthor
700 1 0 _a Rice, Alison
_eauthor
700 1 0 _a Collectifs
_eauthor
700 1 0 _a Naudier, Delphine
_eauthor
700 1 0 _a Keller-Rahbé, Edwige
_eauthor
700 1 0 _a Reid, Martine
_eauthor
245 0 0 _aFemmes et littérature (Tome 2) : Une histoire culturelle, II - XIXe -XXIe siècle. Francophonies
260 _bGallimard,
_c2020.
520 _aFemmes et littérature, une histoire culturelle offre pour la première fois un ample panorama de la présence des femmes en littérature, du Moyen Âge au XXIe siècle, en France et dans les pays francophones.Composé de deux volumes, l’ouvrage rend compte des multiples formes que prend leur production selon le temps auquel elles appartiennent: poésie, théâtre et roman, correspondance, journal intime et autobiographie, essai, pratique journalistique, littérature populaire et littérature pour enfants. Leur participation active à la vie littéraire, leur présence dans les cours et couvents, salons, cercles et académies, dans la presse et les médias, leur rapport au manuscrit, au livre et à l’édition, leurs réflexions sur l’éducation ainsi que sur leur 'condition’spécifique sont analysés et mis en perspective.Fruit du travail collectif d’une dizaine de spécialistes, une telle synthèse contribue à enrichir considérablement les connaissances existantes. Elle rend ainsi toute sa place à une production littéraire souvent ignorée, rarement reconnue à sa juste valeur.
856 4 1 _uhttps://shs.cairn.info/femmes-et-litterature-une-histoire-culturelle-tome-2-xixe-xxie-siecle-francophonies--9782072889707?lang=fr&redirect-ssocas=7080
999 _c1503118
_d1503118